| 000 | 00593nam a2200205 a 4500 | ||
|---|---|---|---|
| 001 | 16229 | ||
| 003 | CO-ViMGA | ||
| 008 | 141112s2004 ck r 000 u spa d | ||
| 020 | _a9580441472 | ||
| 040 |
_aCO-ViMGA _bspa _cCO-ViMGA |
||
| 082 | 0 | 4 | _a843.914 P377p |
| 100 | 1 |
_aPennac, Daniel _947734 |
|
| 245 | 1 | 0 | _aPerro perrito |
| 260 |
_aBogotá : _bNorma, _c1998 |
||
| 300 | _a244.p. | ||
| 490 | _aTorre de papel amarilla | ||
| 590 |
_aForma de adquisición : Premio - Mincultura, compra 2005 - - Precio : _ 16.110 Ej. 1 |
||
| 650 | 1 | 4 |
_aCUENTOS INFANTILES FRANCESES _97840 |
| 942 |
_2ddc _cBK |
||
| 999 |
_c26138 _d26138 |
||